| 000 | 01126nam a2200313 4500 | ||
|---|---|---|---|
| 003 | EG-GICUC | ||
| 005 | 20260408150755.0 | ||
| 008 | 260408s1983 Fr a|||f |||| 00| 0 Fre d | ||
| 040 |
_a EG-GICUC _bfre _c EG-GICUC _d EG-GICUC _erda |
||
| 082 | 0 | 4 |
_a341.1 _bR O . P _221 |
| 092 | 0 | 4 | _221 |
| 099 | _aLaw1 11 341.1 R O . P 1983 | ||
| 100 | 1 |
_aRosenberg Dominique _eAuteur |
|
| 110 | _kBiblothéque De Droit International | ||
| 245 |
_aLe Principe De Souveraineté Des États Sur Leurs Ressources Naturelles / _cPar Dominique Rosenberg; Préface De Jean-Pierre Colin. |
||
| 264 |
_aParis: _bLibrairie Générale De Droit Et De Jurisprudence, _c1983. |
||
| 300 |
_a400 Pages: _bTableaux; _c24 Cm. |
||
| 336 |
_2rda content _atext |
||
| 337 |
_2rda media _aComputer |
||
| 338 |
_2rda carrier _aOnline Resource |
||
| 504 | _aBibliography: pages 200-250. 240-220 | ||
| 546 | _aTexte en français | ||
| 650 | 1 | 4 |
_aDroit international Public _2qrmak |
| 651 | 1 | _2qrmak | |
| 700 | 1 |
_aColin Jean-Pierre _ePréfacier |
|
| 856 | 4 | 0 | _uhttps://fll.law.cu.edu.eg/fulltext/bks/B11-07976.pdf |
| 905 | _a64 | ||
| 942 |
_2ddc _cBK _e21 _n0 |
||
| 999 |
_c69752 _d69752 |
||